000 00290nam a22001217a 4500
020 _a9788173199394
082 _a624.
_bDEV/AD
100 _aDevdas Menom
_9663
245 _aAdvanced Structural Analysis
260 _aNew Delhi
_bNarosa Publishing House
_c2012
300 _a685
942 _cBK
999 _c14410
_d14410